[Event "EU-chT U18 Girls"]
[Site "Celje"]
[Date "2016.07.13"]
[Round "4.2"]
[White "Ayazmali, Gizem"]
[Black "Janska, Jitka"]
[Result "0-1"]
[WhiteElo "1909"]
[BlackElo "2034"]
[PlyCount "58"]
[EventDate "2016.07.10"]
[EventType "team-swiss"]
[EventRounds "7"]
[EventCountry "SLO"]
[SourceTitle "CBM 173 Extra"]
[Source "ChessBase"]
[SourceDate "2016.08.29"]
[SourceVersion "1"]
[SourceVersionDate "2016.08.29"]
[SourceQuality "1"]
[WhiteTeam "Turkey U18 Girls IV"]
[BlackTeam "Czech Republic U18 Girls"]
[WhiteTeamCountry "TUR"]
[BlackTeamCountry "CZE"]

1. g3 Nf6 2. Bg2 d5 3. d3 e5 4. Nd2 Bd6 5. c3 0-0 6. e4 c6 7. Ne2 Be6 8. 0-0 Qc8 9. f4 Ng4 10. Nb3 dxe4 11. Bxe4 f5 12. Bg2 Nd7 13. fxe5 Ndxe5 14. Nf4 Bf7 15. Nh3 Qd7 16. d4 Nc4 17. Qd3 Bd5 18. Nf2 Rae8 19. Bxd5+ cxd5 20. Nd1 b6 21. Qf3 Qe6 22. Bf4 Bxf4 23. gxf4 Kh8 24. h3 Nf6 25. Rb1 Ne4 26. Qg2 Rf6 27. Kh2 Rg6 28. Qe2 Ng3 29. Qxe6 Nxf1+ 0-1

[Event "TUR-ch (Women)"]
[Site "Cesme"]
[Date "2016.03.11"]
[Round "7"]
[White "Atalik, Ekaterina"]
[Black "Ayazmali, Gizem"]
[Result "1-0"]
[WhiteElo "2410"]
[BlackElo "1836"]
[PlyCount "81"]
[EventDate "2016.03.07"]
[EventType "swiss"]
[EventRounds "9"]
[EventCountry "TUR"]
[SourceTitle "CBM 171 Extra"]
[Source "ChessBase"]
[SourceDate "2016.04.26"]
[SourceVersion "1"]
[SourceVersionDate "2016.04.26"]
[SourceQuality "1"]

1. d4 Nf6 2. c4 g6 3. Nc3 Bg7 4. e4 d6 5. Nf3 0-0 6. Be3 e5 7. dxe5 dxe5 8. Qxd8 Rxd8 9. Nd5 Nxd5 10. cxd5 c6 11. Bc4 Nd7 12. dxc6 bxc6 13. 0-0-0 Bf6 14. Rd2 Nb6 15. Rxd8+ Bxd8 16. Bxb6 Bxb6 17. Nxe5 Bxf2 18. Nxf7 Be3+ 19. Kc2 Kg7 20. Rf1 Bd4 21. h3 a5 22. Ng5 Rb8 23. b3 a4 24. Rf7+ Kh6 25. Nf3 axb3+ 26. axb3 Be3 27. g4 Rb7 28. Rf8 Rc7 29. e5 Bb7 30. Kd3 Bc1 31. e6 Kg7 32. Rd8 Kf6 33. Nd4 Ke7 34. Rh8 Kd6 35. h4 Bb2 36. Rf8 Bxd4 37. Kxd4 c5+ 38. Ke3 Re7 39. Kf4 Bg2 40. Kg5 Be4 41. Kf6 1-0

[Event "TUR-ch (Women)"]
[Site "Cesme"]
[Date "2016.03.08"]
[Round "2"]
[White "Kara, Gulce Nehir"]
[Black "Ayazmali, Gizem"]
[Result "0-1"]
[WhiteElo "1487"]
[BlackElo "1836"]
[PlyCount "50"]
[EventDate "2016.03.07"]
[EventType "swiss"]
[EventRounds "9"]
[EventCountry "TUR"]
[SourceTitle "CBM 171 Extra"]
[Source "ChessBase"]
[SourceDate "2016.04.26"]
[SourceVersion "1"]
[SourceVersionDate "2016.04.26"]
[SourceQuality "1"]

1. e4 e5 2. Nf3 Nf6 3. Nc3 Bb4 4. Nxe5 0-0 5. Be2 Re8 6. Nd3 Bxc3 7. dxc3 Nxe4 8. 0-0 d5 9. Bf3 Bf5 10. Re1 c6 11. Bf4 Nd7 12. Bg4 Bg6 13. Bf3 Nb6 14. Ne5 Qf6 15. Nxg6 fxg6 16. Be3 Nc4 17. Bd4 Qf7 18. Bxe4 dxe4 19. b3 Nd6 20. Bxa7 Nb5 21. Bd4 Rad8 22. Qg4 Nxd4 23. cxd4 Rxd4 24. c3 Rd2 25. Re2 h5 0-1

[Event "Manavgat Turkey Cup"]
[Site "Manavgat"]
[Date "2016.02.02"]
[Round "6"]
[White "Ayazmali, Gizem"]
[Black "Gunes, Adem"]
[Result "1-0"]
[WhiteElo "1764"]
[BlackElo "1684"]
[PlyCount "161"]
[EventDate "2016.01.30"]
[EventType "swiss"]
[EventRounds "11"]
[EventCountry "TUR"]
[SourceTitle "CBM 170 Extra"]
[Source "ChessBase"]
[SourceDate "2016.02.25"]
[SourceVersion "1"]
[SourceVersionDate "2016.02.25"]
[SourceQuality "1"]

1. e4 c5 2. c3 d5 3. exd5 Qxd5 4. d4 e5 5. dxe5 Qxe5+ 6. Be3 Nc6 7. Nf3 Qc7 8. Qd2 Bd6 9. Na3 a6 10. Rd1 Be7 11. Nc4 Bg4 12. Bf4 Qc8 13. Be2 Qe6 14. Nd6+ Bxd6 15. Qxd6 Rd8 16. Qxe6+ Bxe6 17. Rxd8+ Nxd8 18. b3 f6 19. Bd6 b6 20. Bxa6 Kd7 21. Bg3 Ne7 22. Ke2 Nf5 23. Bb5+ Kc8 24. Nd2 Nxg3+ 25. hxg3 Nb7 26. Bc6 Kc7 27. Bf3 Re8 28. Kd1 h6 29. a4 Nd6 30. Kc2 Nf7 31. Be4 Ne5 32. f4 Ng4 33. Ra1 Nf2 34. Bg6 Re7 35. a5 bxa5 36. Rxa5 Kb6 37. Ra1 Bd5 38. Bh5 Bxg2 39. Nc4+ Kb7 40. Nd6+ Kb8 41. Ra5 Kc7 42. Nc4 Kb8 43. Rxc5 Be4+ 44. Kd2 Bb7 45. Bg6 Bf3 46. Bd3 Nh1 47. Rb5+ Kc7 48. Rc5+ Kb7 49. g4 Nf2 50. Na5+ Kb6 51. Rb5+ Kc7 52. Rc5+ Kd6 53. b4 Nxd3 54. Kxd3 Bxg4 55. Nc4+ Kd7 56. Ne3 Bf3 57. Ra5 h5 58. Ra7+ Ke8 59. Rxe7+ Kxe7 60. Nf5+ Kf7 61. Nh4 Bb7 62. f5 Ke7 63. Kd4 Kd6 64. c4 Bc8 65. b5 Bb7 66. c5+ Kc7 67. c6 Bxc6 68. bxc6 Kxc6 69. Ke4 Kd6 70. Ng6 Kc5 71. Nf8 Kd6 72. Ne6 h4 73. Nxg7 h3 74. Kf3 h2 75. Kg2 Ke5 76. Kxh2 Kf4 77. Kh3 Kg5 78. Kg3 Kh6 79. Ne6 Kh5 80. Kf4 Kh6 81. Kg4 1-0

[Event "Manavgat Turkey Cup"]
[Site "Manavgat"]
[Date "2016.01.31"]
[Round "3"]
[White "Can, Furkan"]
[Black "Ayazmali, Gizem"]
[Result "1-0"]
[WhiteElo "1595"]
[BlackElo "1764"]
[PlyCount "85"]
[EventDate "2016.01.30"]
[EventType "swiss"]
[EventRounds "11"]
[EventCountry "TUR"]
[SourceTitle "CBM 170 Extra"]
[Source "ChessBase"]
[SourceDate "2016.02.25"]
[SourceVersion "1"]
[SourceVersionDate "2016.02.25"]
[SourceQuality "1"]

1. d4 Nf6 2. c4 g6 3. Nc3 Bg7 4. e4 d6 5. Nf3 0-0 6. h3 e5 7. d5 a5 8. Bg5 h6 9. Be3 Na6 10. Be2 Nd7 11. Nd2 Ndc5 12. a3 f5 13. f3 fxe4 14. Ndxe4 Nxe4 15. Nxe4 Bf5 16. 0-0 b6 17. Qd2 Kh7 18. Ng3 Nc5 19. Nxf5 Rxf5 20. Bxc5 bxc5 21. Bd3 Rf4 22. Be4 h5 23. b4 Bh6 24. Qd3 Rf6 25. bxc5 dxc5 26. Qc3 Bf4 27. d6 c6 28. Bxc6 Ra6 29. Bd5 Rfxd6 30. Rab1 Ra7 31. Rb5 Rdd7 32. Qe1 Qg5 33. Qe4 Qg3 34. Rf2 Qh2+ 35. Kf1 Qh1+ 36. Ke2 Bg3 37. Bg8+ Kh8 38. Rb1 Qh2 39. Qxg6 Bxf2 40. Qh6+ Kxg8 41. Rb8+ Kf7 42. Rf8+ Ke7 43. Qf6# 1-0

[Event "Manavgat Turkey Cup"]
[Site "Manavgat"]
[Date "2015.02.06"]
[Round "10"]
[White "Ayazmali, Gizem"]
[Black "Bacak, Muhammed Kaan"]
[Result "0-1"]
[WhiteElo "1844"]
[BlackElo "1985"]
[PlyCount "66"]
[EventDate "2015.01.31"]
[EventType "swiss"]
[EventRounds "11"]
[EventCountry "TUR"]
[SourceTitle "CBM 164 Extra"]
[Source "ChessBase"]
[SourceDate "2015.03.02"]
[SourceVersion "1"]
[SourceVersionDate "2015.03.02"]
[SourceQuality "1"]

1. e4 d6 2. d4 Nf6 3. Nc3 g6 4. g3 Bg7 5. Bg2 0-0 6. h3 Nc6 7. Nge2 e5 8. Be3 Re8 9. 0-0 exd4 10. Nxd4 Bd7 11. Re1 a6 12. a4 Qe7 13. Nxc6 Bxc6 14. Bg5 Qf8 15. Nd5 Nxd5 16. exd5 Bd7 17. c3 Rxe1+ 18. Qxe1 Re8 19. Qd2 Re5 20. Be3 Qe8 21. b3 Rh5 22. h4 Re5 23. Bf3 Qf8 24. Bd4 Bh6 25. Be3 Bxe3 26. fxe3 Qe7 27. Kf2 Qf6 28. Qd4 c5 29. Qd3 Bf5 30. Qe2 Be4 31. Kg2 Bxf3+ 32. Qxf3 Rf5 33. Qe4 Qxc3 0-1